Faculty of Law Library — Cairo University

Official Online Catalog

المواجهة الجنائية لغسل الأموال في القانون العراقي (دراسة مقارنة) / (Record no. 60934)

MARC details
000 -LEADER
fixed length control field 06533nam a2200433 i 4500
003 - CONTROL NUMBER IDENTIFIER
control field EG-GICUC
005 - أخر تعامل مع التسجيلة
control field 20260204160118.0
008 - FIXED-LENGTH DATA ELEMENTS--GENERAL INFORMATION
fixed length control field 260204s2025 ua |||f m||| 00| 0 ara d
040 ## - CATALOGING SOURCE
Original cataloguing agency EG-GICUC
Transcribing agency EG-GICUC
Modifying agency EG-GICUC
Description conventions rda
Language of cataloging: ara
041 0# - LANGUAGE CODE
Language code of text/sound track or separate title ara
049 ## - Acquisition Source
Acquisition Source إهداء
082 04 - DEWEY DECIMAL CLASSIFICATION NUMBER
Classification number 343.24062
Edition number 21
097 ## - Degree
Degree Ph.D
099 ## - LOCAL FREE-TEXT CALL NUMBER (OCLC)
Local Call Number Law 10 PHD 2025
100 0# - MAIN ENTRY--PERSONAL NAME
Authority record control number or standard number أحمد مشرف وهيب الكبيسي
Preparation مؤلف.
245 10 - TITLE STATEMENT
Title المواجهة الجنائية لغسل الأموال في القانون العراقي (دراسة مقارنة) /
Statement of responsibility, etc. إعداد أحمد مشرف وهيب الكبيسي؛ إشراف الأستاذ الدكتور أحمد عوض بلال.
264 #0 - PRODUCTION, PUBLICATION, DISTRIBUTION, MANUFACTURE, AND COPYRIGHT NOTICE
Place of production, publication, distribution, manufacture القاهرة:
Name of producer, publisher, distributor, manufacturer كلية الحقوق- جامعة القاهرة،
Date of production, publication, distribution, manufacture, or copyright notice 2025.
300 ## - PHYSICAL DESCRIPTION
Extent 689 صفحة؛
Dimensions 25 سم.
336 ## - CONTENT TYPE
Content type term text
Source rda content
337 ## - MEDIA TYPE
Media type term Computer
Source rda media
338 ## - CARRIER TYPE
Carrier type term Online Resource
Source rda carrier
500 ## - General note
General note رسائل نسخة منفردة
500 ## - General note
General note تحتوي علي صفحة عنوان وملخص باللغة الإنجليزية
502 ## - DISSERTATION NOTE
Dissertation note أطروحة (دكتوراة)- جامعة القاهرة، كلية الحقوق، قسم القانون الجنائي، 2025.
504 ## - BIBLIOGRAPHY, ETC. NOTE
Bibliography, etc. note ببليوجرافيا: صفحات 659-677
520 3# - SUMMARY, ETC.
Summary, etc. تكمن مهمة هذه الدراسة في بيان سياسة المشرع العراقي - بما لها وما عليها - في مواجهة غسل الأموال من الناحيتين الموضوعية والإجرائية، وذلك في حدود القانون الخاص بمكافحة تلك الجريمة والقواعد العامة، مقارنة مع بعض القوانين المقارنة وبالتحديد القانون المصري وبيان مدى توافق تلك السياسة مع الاتفاقيات والمعايير الدولية ذات الصلة، حيث تدور محاور المواجهة الموضوعية لجريمة غسل الأموال بداية من تعريف الجريمة، وتحديد عناصرها وأركانها التي يتحققها تعد الجريمة قائمة، فالطبيعة الخاصة والمركبة تجريمة غسل الأموال من خلال إضفاء الصفة الشرعية على الأموال المتحصلة من الجرائم، جعل بناءها القانوني لا يكتمل بتحقق أركانها العامة (العادي والمعنوي فقط، بل ضرورة ارتكاب الجريمة الأصلية المتحصل منها الأموال محل جريمة الغسل التي اختلفت التشريعات في طريقة النص عليها وما يترتب على ذلك من تحديد طبيعة العلاقة بينها وبين جريمة الغسل والارتباط الموضوعي والإجرائي بينهما، ومن محاور المواجهة الموضوعية كذلك تحديد الأفعال التي تدخل ضمن السلوك الإجرامي لجريمة الغسل الركن المادي)، وسياسة المشرع في تحديد تلك الأفعال قد تكون من المرونة لتستوعب أفعالاً أخرى يتحقق بارتكابها غسل الأموال أو بالعكس، أو عد جريمة الغسل من جرائم السلوك المجرم إما من جرائم النتيجة ومدى تحقق الشروع فيها من عدمه وإما عدها من جرائم الخطر أو الضرر، وفي اتجاه مواز وملازم للركن المادي لا تقل أهمية تحديد الركن المعنوي بشقيه العام والخاص في مواجهة تلك الجريمة من خلال عدم قصر العقاب على صورة ارتكابها بطريق العمد وإنما بصورة الخطأ كما فعل المشرع العراقي، واشتراط قصد إظهار الأموال بصورة مشروعة القصد الخاص) وهذا أهم ما يميز جريمة الغسل عن غيرها ولتجنب العقاب على التعدد المعنوي، كما يتصل بالمواجهة الموضوعية تحديد العقوبة التي تتناسب مع خطورة الجريمة وبعض الظروف التي يترتب عليها تغيير في قدر العقاب المستحق تخفيفا وتشديدا، والمسؤولية الجزائية للشخص المعنوي، وتجريم الأفعال التي من شأنها قد تساعد على ارتكاب جريمة غسل الأموال (سياسة التجريم وقائية).<br/><br/>وبسبب طابع جريمة غسل الأموال التقني المعقد وتطور وسائل ارتكابها استلزم استحداث إجراءات خاصة إضافة إلى الإجراءات التقليدية، فذاتية المواجهة الإجرائية لجريمة غسل الأموال تتجلى في جميع مراحل الدعوى الخاصة بها بدءًا من مرحلة الاستدلال من خلال إيجاد جهة استدلال متخصصة منحها القانون صلاحيات واسعة للقيام بتلك المهمة، مرورا بمرحلة تحريك الدعوى ومرحلة التحقيق من خلال إيجاد محاكم متخصصة وإجراءات تحقيق خاصة، وتكمن مرحلة المحاكمة في مدى تأثير الحكم الصادر بجريمة غسل الأموال بالحكم الصادر بالجريمة الأصلية ومدى علاقة الارتباط الإجرائي بين الجريمتين، ويمتد الأمر إلى مرحلة تسليم المجرمين واسترداد الأموال وتنفيذ الأحكام الأجنبية الخاصة بالمصادرة وتبادل المعلومات على المستوى الدولي.
546 ## - LANGUAGE NOTE
Text Language الملخص باللغة العربية
650 04 - SUBJECT ADDED ENTRY--TOPICAL TERM
Topical term or geographic name entry element القانون الجنائي
Geographic subdivision العراق
653 ## - INDEX TERM--UNCONTROLLED
Uncontrolled term جريمة غسل الأموال
653 ## - INDEX TERM--UNCONTROLLED
Uncontrolled term المواجهة الموضوعية
653 ## - INDEX TERM--UNCONTROLLED
Uncontrolled term المواجهة الإجرائية
655 #4 - INDEX TERM--GENRE/FORM
Genre/form data or focus term رسائل جامعية
Geographic subdivision جامعة القاهرة
General subdivision القانون الجنائي
700 0# - ADDED ENTRY--PERSONAL NAME
Personal name أحمد عوض بلال
Relator term مشرف.
710 2# - ADDED ENTRY--CORPORATE NAME
Corporate name or jurisdiction name as entry element جامعة القاهرة.
Subordinate unit كلية الحقوق
856 ## - ELECTRONIC LOCATION AND ACCESS
Uniform Resource Identifier <a href="https://fll.law.cu.edu.eg/fulltext/th/T10-04292.pdf">https://fll.law.cu.edu.eg/fulltext/th/T10-04292.pdf</a>
900 ## - Thesis Information
Grant date 2025
Universities جامعة القاهرة
Faculties كلية الحقوق
Department قسم القانون الجنائي
905 ## - Cataloger and Reviser Names
Cataloger Name: Hoda
942 ## - ADDED ENTRY ELEMENTS (KOHA)
Source of classification or shelving scheme Dewey Decimal Classification
Koha item type Thesis
Edition 21
Suppress in OPAC No
Holdings
Source of classification or shelving scheme Collection Home library Current library Date acquired Full call number Barcode Date last seen Copy number Effective from Koha item type
Dewey Decimal Classification القانون الجنائي جــــامعة القــاهرة مكتبة كلية الحقوق - المبنى الرئيسي 04.02.2026 Law1 10 PHD 2025 1004292 C1 T10-04292 04.02.2026 1 04.02.2026 Thesis
Dewey Decimal Classification القانون الجنائي جــــامعة القــاهرة مكتبة كلية الحقوق - المبنى الرئيسي 04.02.2026 Law1 10 PHD 2025 1004293 C2 T10-04293 04.02.2026 2 04.02.2026 Thesis
Dewey Decimal Classification القانون الجنائي جــــامعة القــاهرة مكتبة كلية الحقوق - فـرع الشيخ زايد 04.02.2026 Law2 10 PHD 2025 1004294 C3 T10-04294 04.02.2026 3 04.02.2026 Thesis

© All rights reserved — Faculty of Law, Cairo University